[Event "American Continental Rapid 18th"]
[Site "Medellin"]
[Date "2024.06.01"]
[Round "3"]
[White "Vilotijevic, Lazar"]
[Black "Jop A, Laura Elizabeth"]
[Result "1-0"]
[WhiteElo "1998"]
[BlackElo "1752"]
[PlyCount "47"]
[EventDate "2024.06.01"]
[EventType "swiss (rapid)"]
[EventRounds "9"]
[EventCountry "COL"]
[SourceTitle "CB23_2024"]
[SourceDate "2024.06.05"]
[SourceVersion "1"]
[SourceVersionDate "2024.06.05"]
[SourceQuality "1"]

1. e4 c5 2. Nc3 g6 3. f4 Bg7 4. Nf3 Nc6 5. Bb5 Nd4 6. 0-0 a6 7. Bd3 e6 8. e5 Nc6 9. Ne4 h6 10. Nd6+ Kf8 11. c3 Nge7 12. Qe1 b5 13. Nh4 Nf5 14. Bxf5 exf5 15. Qg3 Ne7 16. a4 b4 17. cxb4 cxb4 18. Qb3 Qb6+ 19. Kh1 Kg8 20. Qxf7+ Kh7 21. Qxe7 Rf8 22. Ne8 Rg8 23. Nf6+ Kh8 24. Nxg6# 1-0

[Event "American Continental Blitz 18th"]
[Site "Medellin"]
[Date "2024.05.29"]
[Round "6"]
[White "Martinez Paipa, Hernan"]
[Black "Vilotijevic, Lazar"]
[Result "0-1"]
[WhiteElo "1839"]
[BlackElo "1998"]
[PlyCount "74"]
[EventDate "2024.05.29"]
[EventType "swiss (blitz)"]
[EventRounds "9"]
[EventCountry "COL"]
[SourceTitle "CB23_2024"]
[SourceDate "2024.06.05"]
[SourceVersion "1"]
[SourceVersionDate "2024.06.05"]
[SourceQuality "1"]

1. e4 b6 2. d4 Bb7 3. Nc3 e6 4. Bd3 d6 5. Nf3 Nd7 6. 0-0 Ne7 7. Re1 h6 8. Bf4 g5 9. Bg3 Bg7 10. d5 e5 11. Nd2 Ng6 12. f3 a6 13. a4 Nf6 14. Nf1 Nh5 15. Bf2 Bc8 16. Ne3 Ngf4 17. Bf1 Bd7 18. Nf5 Bf6 19. g3 Ng6 20. Qd2 Ng7 21. g4 h5 22. h3 Nf4 23. Ne2 hxg4 24. hxg4 Nxf5 25. exf5 Kf8 26. Nxf4 gxf4 27. Bg2 Bh4 28. Bxh4 Qxh4 29. Qf2 Qh2+ 30. Kf1 a5 31. c4 Rg8 32. Ke2 Qh8 33. Rh1 Qf6 34. Rh5 e4 35. Kf1 e3 36. Qc2 Re8 37. Ke2 Qd4 0-1

[Event "American Continental Blitz 18th"]
[Site "Medellin"]
[Date "2024.05.29"]
[Round "7"]
[White "Vilotijevic, Lazar"]
[Black "Barrientos Chavarriaga, Sergio E"]
[Result "0-1"]
[WhiteElo "1998"]
[BlackElo "2425"]
[PlyCount "140"]
[EventDate "2024.05.29"]
[EventType "swiss (blitz)"]
[EventRounds "9"]
[EventCountry "COL"]
[SourceTitle "CB23_2024"]
[SourceDate "2024.06.05"]
[SourceVersion "1"]
[SourceVersionDate "2024.06.05"]
[SourceQuality "1"]

1. e4 c5 2. Nc3 a6 3. f4 b5 4. Qe2 Bb7 5. Nf3 e6 6. d3 b4 7. Nd1 d5 8. Nf2 Nf6 9. g4 dxe4 10. dxe4 Nc6 11. Be3 Nd4 12. Bxd4 cxd4 13. g5 Nh5 14. Nd3 Qc7 15. e5 Rc8 16. Rc1 Bc5 17. Bg2 0-0 18. Nd2 Bxg2 19. Qxg2 a5 20. 0-0 a4 21. Ne4 Be7 22. Nf6+ Bxf6 23. gxf6 g6 24. f5 Qc6 25. Qxc6 Rxc6 26. fxg6 hxg6 27. Nxb4 Rc4 28. Nd3 Rfc8 29. Rf2 Kh7 30. Kg2 g5 31. Kf3 Kg6 32. Kg4 Kh6 33. b3 Rc3 34. Rd2 Kg6 35. h4 gxh4 36. Kxh4 Rh8 37. Rg1+ Kf5 38. Rg5+ Ke4 39. Rxh5 Rg8 40. Rg5 Rh8+ 41. Kg3 Rh1 42. Rg4+ Ke3 43. Rf2 Rg1+ 44. Rg2 Rxg2+ 45. Kxg2 Rxc2+ 46. Kf1 Kxd3 47. Rg3+ Ke4 48. bxa4 Kxe5 49. Ra3 Rc6 50. a5 Ra6 51. Ke2 Kd5 52. Kd3 e5 53. Kd2 Kc4 54. Kc2 Kb4 55. Rb3+ Kxa5 56. Rb7 Rxf6 57. Kd3 Ka6 58. Rb2 Rb6 59. Rf2 f6 60. Kc4 Kb7 61. a4 Rc6+ 62. Kd5 Ra6 63. Ke4 Rxa4 64. Rxf6 Ra5 65. Rh6 Kc7 66. Rg6 Kd7 67. Rb6 Rc5 68. Rh6 Rc6 69. Rh5 Re6 70. Kd5 d3 0-1